| 000 | 00571nam a2200217Ia 4500 | ||
|---|---|---|---|
| 003 | 0100 | ||
| 008 | 130303s9999 xx 000 0 und d | ||
| 020 | _a0802843255 | ||
| 040 | _cARRUPELIB | ||
| 050 | _aBL51.D86 1998 | ||
| 100 | _aDuprÚ, Louis K | ||
| 245 | _aReligious mystery and rational reflection | ||
| 245 | _bexcursions in the phenomenology and philosophy of religion | ||
| 260 | _aGrand Rapids, MI | ||
| 260 | _bWilliam B. Eerdmans Publishing Co. | ||
| 260 | _C1998 | ||
| 300 | _aix | ||
| 300 | _b 147p. 24cm | ||
| 650 | _aRELIGION | ||
| 942 | 0 | 0 | _02 |
| 999 |
_c11341 _d11341 |
||